000 00518nam a2200169Ia 4500
005 20250508155937.0
008 008 250505s9999 xx 000 0 eng d
037 _aBooks to be hide in OPAC
040 _aFEDL
_beng
_cFEDL
041 _aeng
_2eng
084 _a379.5433, CEN/O
_qFEDL
245 0 _aReport on the state and progress of education in the central provinces and berar 30th March 1938
260 _c1938
300 _a117p.
942 _cHB
_h379.5433, CEN/O
999 _c1360287
_d1360287